000 00372nam a2200157Ia 4500
008 230917s9999||||xx |||||||||||||| ||und||
040 _e80810
_aMAIN
041 _aEnglish
082 _a346.03 R151L
100 _aRanchhoddas, Ratanlal
245 0 _aLaw of torts
250 _a20th ed.
260 _aBombay
_bBombay Law
_c1973
300 _alxxx, 610 p.
942 _cBK
999 _c183193
_d183193